[Event "First Saturday 2009 februar IM"]
[Site "Budapest"]
[Date "2009.02.13"]
[Round "7"]
[White "Simonyi, Zoltan"]
[Black "Kislik, Erik Andrew"]
[Result "1-0"]
[WhiteElo "2227"]
[BlackElo "2310"]
[PlyCount "95"]
[EventDate "2009.02.07"]

1. e4 e5 2. Nc3 Nf6 3. g3 Bb4 4. Bg2 O-O 5. a3 Ba5 6. d3 c6 7. Nf3 Re8 8. O-O
d5 9. Nh4 Bxc3 10. bxc3 dxe4 11. dxe4 Qxd1 12. Rxd1 Bg4 13. f3 Be6 14. Rb1 b6
15. Rd6 Nfd7 16. Be3 g6 17. Rbd1 Nf8 18. f4 Bc4 19. Nf3 exf4 20. Bxf4 Ne6 21.
Bh6 Na6 22. Ne5 Bb5 23. Nxc6 Nac5 24. e5 Na4 25. Ne7+ Rxe7 26. Bxa8 Nxc3 27.
R1d2 Nb1 28. Rf2 Nxa3 29. Bd5 Nc4 30. Rxe6 Rxe6 31. Bxe6 Nxe5 32. Bd5 a5 33.
Bd2 Bc4 34. Bc3 Bxd5 35. Bxe5 f6 36. Rxf6 b5 37. Kf2 a4 38. Ke3 a3 39. Kd4 Bc4
40. Kc5 a2 41. Kd6 h5 42. Rxg6+ Kh7 43. Rg7+ Kh6 44. Ke7 h4 45. g4 h3 46. Kf6
a1=Q 47. Bxa1 b4 48. Bb2 1-0

[Event "First Saturday 2009 februar IM"]
[Site "Budapest"]
[Date "2009.02.13"]
[Round "7"]
[White "Toth, Lili"]
[Black "Bacso, Gabor"]
[Result "1/2-1/2"]
[WhiteElo "2190"]
[BlackElo "2123"]
[PlyCount "37"]
[EventDate "2009.02.07"]

1. d4 Nf6 2. c4 e6 3. Nc3 Bb4 4. Bg5 c5 5. d5 d6 6. e3 exd5 7. cxd5 h6 8. Bh4
O-O 9. Bd3 Nbd7 10. Nge2 Ne5 11. Bc2 Ng6 12. Bg3 Nh5 13. O-O Nxg3 14. Nxg3 a6
15. Qh5 Ne5 16. h3 Bxc3 17. bxc3 Re8 18. e4 Qg5 19. Qd1 1/2-1/2

[Event "First Saturday 2009 februar IM"]
[Site "Budapest"]
[Date "2009.02.14"]
[Round "8"]
[White "Kislik, Erik Andrew"]
[Black "Toth, Lili"]
[Result "1-0"]
[WhiteElo "2310"]
[BlackElo "2190"]
[PlyCount "53"]
[EventDate "2009.02.07"]

1. e4 e6 2. d4 d5 3. exd5 exd5 4. c4 c6 5. Nc3 Nf6 6. Bd3 dxc4 7. Bxc4 Be7 8.
Nge2 O-O 9. O-O Nbd7 10. Re1 Nb6 11. Bb3 Nbd5 12. Nf4 Re8 13. Bxd5 Nxd5 14.
Nfxd5 cxd5 15. Qb3 Be6 16. Qxb7 Bd6 17. Qa6 Qb8 18. h3 Bh2+ 19. Kh1 Bf4 20. Qe2
Bxc1 21. Raxc1 h6 22. Qd2 Qb4 23. Re2 a5 24. Rce1 Rec8 25. Qd3 Rc4 26. Nxd5 Qa4
27. Nb6 1-0

[Event "First Saturday 2009 februar IM"]
[Site "Budapest"]
[Date "2009.02.14"]
[Round "8"]
[White "Kahn, Evart"]
[Black "Simonyi, Zoltan"]
[Result "1-0"]
[WhiteElo "2290"]
[BlackElo "2227"]
[PlyCount "88"]
[EventDate "2009.02.07"]

1. d4 d5 2. Nf3 c5 3. dxc5 e6 4. a3 Bxc5 5. b4 Bb6 6. Bb2 Nf6 7. e3 Nc6 8. b5
Na5 9. Nbd2 Bd7 10. Bd3 Rc8 11. Ne5 Qe7 12. Qf3 Bc7 13. Nxd7 Kxd7 14. e4 Rcd8
15. O-O Kc8 16. exd5 Qd6 17. g3 Qxd5 18. Qxd5 Rxd5 19. Rfe1 Rhd8 20. Rab1 Kb8
21. Kg2 Rc8 22. f4 Bb6 23. Kf3 Bd4 24. Bxd4 Rxd4 25. Rb4 Rd6 26. Ne4 Nxe4 27.
Rexe4 h6 28. f5 Rc5 29. fxe6 fxe6 30. Rb1 Kc7 31. Kg2 e5 32. Rf1 Rd7 33. Rf8
Nb3 34. Ra4 Nd4 35. Rxa7 Nxc2 36. Be4 Kb6 37. Raa8 Kxb5 38. a4+ Kb4 39. Rfb8
Ne3+ 40. Kf3 Nd5 41. Bxd5 Rcxd5 42. Rg8 e4+ 43. Kxe4 Rh5 44. h4 g5 1-0

[Event "First Saturday 2009 februar IM"]
[Site "Budapest"]
[Date "2009.02.14"]
[Round "8"]
[White "Parkanyi, Attila"]
[Black "Csirik, Andras"]
[Result "1/2-1/2"]
[WhiteElo "2334"]
[BlackElo "2271"]
[PlyCount "56"]
[EventDate "2009.02.07"]

1. Nf3 c5 2. c4 Nf6 3. g3 b6 4. Bg2 Bb7 5. Nc3 e6 6. O-O a6 7. Re1 Be7 8. e4 d6
9. d4 cxd4 10. Nxd4 Qc7 11. Be3 O-O 12. Rc1 Nbd7 13. a3 Rac8 14. b3 Rfe8 15. h3
Qb8 16. f4 Nc5 17. Qc2 Qa8 18. Bf2 e5 19. Nf5 exf4 20. gxf4 Bf8 21. Nd5 Nxd5
22. exd5 g6 23. b4 Nd7 24. Nd4 Rxe1+ 25. Rxe1 Re8 26. Rxe8 Qxe8 27. Qe2 Qxe2
28. Nxe2 Bg7 1/2-1/2

[Event "First Saturday 2009 februar IM"]
[Site "Budapest"]
[Date "2009.02.14"]
[Round "8"]
[White "Farago, Sandor"]
[Black "Vybiral, Zdenek"]
[Result "1/2-1/2"]
[WhiteElo "2263"]
[BlackElo "2232"]
[PlyCount "83"]
[EventDate "2009.02.07"]

1. e4 c5 2. Nf3 Nc6 3. d4 cxd4 4. Nxd4 Qb6 5. Nb3 Nf6 6. Nc3 e6 7. Be3 Qc7 8.
a3 a6 9. f4 d6 10. Bd3 Be7 11. Qf3 Rb8 12. g4 b5 13. g5 Nd7 14. Nd4 b4 15. Nce2
Nc5 16. O-O O-O 17. Nxc6 Qxc6 18. f5 exf5 19. Nd4 Qb7 20. exf5 Qxf3 21. Rxf3
Bb7 22. f6 Bd8 23. fxg7 Re8 24. Bxh7+ Kxh7 25. Rh3+ Kxg7 26. Nf5+ Kg6 27. Rf1
Rxe3 28. Rh6+ Kxg5 29. h4+ Kg4 30. Nxe3+ Kh3 31. axb4 Nd7 32. Rxd6 Ne5 33. Rf5
Bc7 34. Rdf6 Be4 35. Rf4 Nd7 36. Rxf7 Bxf4 37. Rxf4 Rxb4 38. b3 Kg3 39. Rf7 Rd4
40. Kf1 Ne5 41. Rf6 Kxh4 42. Rxa6 1/2-1/2

[Event "First Saturday 2009 februar IM"]
[Site "Budapest"]
[Date "2009.02.15"]
[Round "9"]
[White "Vybiral, Zdenek"]
[Black "Lyell, Mark"]
[Result "1-0"]
[WhiteElo "2232"]
[BlackElo "2287"]
[PlyCount "64"]
[EventDate "2009.02.07"]

1. Nf3 f5 2. d4 Nf6 3. c4 g6 4. g3 Bg7 5. Bg2 O-O 6. O-O d6 7. b3 e5 8. dxe5
Ng4 9. Bb2 Nc6 10. Nc3 Ncxe5 11. Nxe5 Nxe5 12. c5 dxc5 13. Qxd8 Rxd8 14. Rad1
Rxd1 15. Rxd1 Nf7 16. Rd5 c4 17. bxc4 Be6 18. Rd2 Nd6 19. Nd5 Nxc4 20. Rc2 Nxb2
21. Nxc7 Rc8 22. Bxb7 Rb8 23. Nxe6 Rxb7 24. Rc8+ Kf7 25. Nd8+ Ke7 26. Nxb7 Be5
27. Nc5 Nc4 28. Rc6 Bh8 29. Nd3 Nd2 30. Rc7+ Kd6 31. Rxa7 Ne4 32. Rxh7 Bf6 1-0

[Event "First Saturday 2009 februar IM"]
[Site "Budapest"]
[Date "2009.02.15"]
[Round "9"]
[White "Csirik, Andras"]
[Black "Farago, Sandor"]
[Result "1-0"]
[WhiteElo "2271"]
[BlackElo "2263"]
[PlyCount "65"]
[EventDate "2009.02.07"]

1. e4 Nf6 2. e5 Nd5 3. d4 d6 4. c4 Nb6 5. f4 dxe5 6. fxe5 Nc6 7. Be3 Bf5 8. Nc3
e6 9. Nf3 Be7 10. d5 exd5 11. cxd5 Nb4 12. Nd4 Bg6 13. Bb5+ Kf8 14. O-O Kg8 15.
Nf5 Bf8 16. Bxb6 axb6 17. a3 Na6 18. e6 Bc5+ 19. Kh1 h6 20. Qe2 Kh7 21. b4 Bd6
22. e7 Qc8 23. Nxd6 cxd6 24. Na4 Nc7 25. Nxb6 Qb8 26. Nxa8 Qxa8 27. Bd3 Qe8 28.
Bxg6+ fxg6 29. Qe4 Qb5 30. Rf8 Ne8 31. Rxh8+ Kxh8 32. Qxg6 Nf6 33. Re1 1-0

[Event "First Saturday 2009 februar IM"]
[Site "Budapest"]
[Date "2009.02.15"]
[Round "9"]
[White "Simonyi, Zoltan"]
[Black "Parkanyi, Attila"]
[Result "1/2-1/2"]
[WhiteElo "2227"]
[BlackElo "2334"]
[PlyCount "137"]
[EventDate "2009.02.07"]

1. Nf3 Nf6 2. c4 c5 3. d4 cxd4 4. Nxd4 Nc6 5. Nc3 Nxd4 6. Qxd4 g6 7. g3 Bg7 8.
Bg2 O-O 9. O-O d6 10. Bg5 h6 11. Bd2 Be6 12. Qd3 Rc8 13. b3 Qd7 14. Rad1 Bh3
15. Be3 Bxg2 16. Kxg2 a6 17. f3 Qc6 18. Nd5 Nxd5 19. Qxd5 Qxd5 20. Rxd5 Rc6 21.
Rfd1 f5 22. c5 dxc5 23. Bxc5 Bf6 24. Be3 Kg7 25. Rd7 b5 26. Kf2 Rc2 27. R1d2
Rfc8 28. Bd4 Bxd4+ 29. R7xd4 Kf6 30. f4 g5 31. e3 R8c6 32. Ke2 Rxd2+ 33. Kxd2
e5 34. Rd8 exf4 35. exf4 Kg6 36. Rh8 gxf4 37. gxf4 Re6 38. Rf8 Re4 39. Ra8 Rxf4
40. Rxa6+ Kg5 41. Ke3 Rh4 42. Ra8 Rh3+ 43. Kf2 Kf4 44. Kg2 Rd3 45. Rb8 Rd2+ 46.
Kh3 Rd5 47. a4 Rd3+ 48. Kg2 bxa4 49. bxa4 Rd2+ 50. Kg1 Rd4 51. a5 Ra4 52. Rb6
h5 53. a6 h4 54. Kg2 Ra2+ 55. Kh3 Kg5 56. Rc6 Ra3+ 57. Kg2 h3+ 58. Kf2 Kg4 59.
Rg6+ Kf4 60. Rg3 Ra2+ 61. Kg1 Rxa6 62. Rxh3 Ke4 63. Rb3 f4 64. Kg2 Ra2+ 65. Kg1
Kf5 66. Rc3 Kg4 67. Rb3 f3 68. Rb8 f2+ 69. Kf1 1/2-1/2

[Event "First Saturday 2009 februar IM"]
[Site "Budapest"]
[Date "2009.02.15"]
[Round "9"]
[White "Toth, Lili"]
[Black "Kahn, Evart"]
[Result "0-1"]
[WhiteElo "2190"]
[BlackElo "2290"]
[PlyCount "60"]
[EventDate "2009.02.07"]

1. d4 Nf6 2. c4 g6 3. Nc3 Bg7 4. Nf3 O-O 5. g3 d6 6. Bg2 Nbd7 7. O-O e5 8. e4
Re8 9. d5 a5 10. Ne1 Nc5 11. Nd3 b6 12. b3 Nfd7 13. a3 f5 14. Bb2 Nf6 15. f3
Bh6 16. b4 Be3+ 17. Kh1 Nxd3 18. Qxd3 Bd4 19. Nd1 axb4 20. Bxd4 exd4 21. Qxd4
Rxa3 22. Rxa3 bxa3 23. Nc3 fxe4 24. fxe4 Ng4 25. Nb5 a2 26. Ra1 Rf8 27. Rxa2
Qg5 28. Ra1 Qh5 29. h3 Nf2+ 30. Kg1 Bxh3 0-1

[Event "First Saturday 2009 februar IM"]
[Site "Budapest"]
[Date "2009.02.15"]
[Round "9"]
[White "Bacso, Gabor"]
[Black "Kislik, Erik Andrew"]
[Result "0-1"]
[WhiteElo "2123"]
[BlackElo "2310"]
[PlyCount "92"]
[EventDate "2009.02.07"]

1. Nf3 Nf6 2. c4 b6 3. Nc3 Bb7 4. Qc2 c5 5. d4 Bxf3 6. exf3 cxd4 7. Ne4 e6 8.
a3 Be7 9. Bd3 Nc6 10. O-O Rc8 11. Bf4 e5 12. Bd2 Nxe4 13. Bxe4 Bg5 14. f4 Bxf4
15. Bxf4 exf4 16. Rfe1 Kf8 17. Rad1 Qf6 18. Bd5 g6 19. Re4 Kg7 20. Qd2 g5 21.
Rde1 Rhd8 22. g3 f3 23. h4 h6 24. hxg5 hxg5 25. Rg4 Re8 26. Rxg5+ Kf8 27. Rg4
Rxe1+ 28. Qxe1 Re8 29. Qd1 Re2 30. Rf4 Qe5 31. Qd3 Re1+ 32. Kh2 Rh1+ 33. Kxh1
Qe1+ 34. Kh2 Qxf2+ 35. Kh3 Qg2+ 36. Kh4 Qh2+ 37. Kg5 Qxg3+ 38. Rg4 Qxg4+ 39.
Kxg4 Ne5+ 40. Kf4 Nxd3+ 41. Kxf3 Nxb2 42. Ke4 d3 43. Ke3 Ke7 44. Kd2 f5 45. Kc3
d2 46. Kxd2 Kd6 0-1

[Event "First Saturday 2009 februar IM"]
[Site "Budapest"]
[Date "2009.02.16"]
[Round "10"]
[White "Kahn, Evart"]
[Black "Bacso, Gabor"]
[Result "1/2-1/2"]
[WhiteElo "2290"]
[BlackElo "2123"]
[PlyCount "33"]
[EventDate "2009.02.07"]

1. e4 c5 2. b4 cxb4 3. d4 d5 4. e5 Bf5 5. Nf3 e6 6. a3 Nc6 7. axb4 Bxb4+ 8. c3
Bf8 9. Be2 g6 10. O-O Nge7 11. Ne1 Nc8 12. f4 h5 13. g3 a6 14. Ng2 Bh3 15. Rf2
Nb6 16. Ne3 Ne7 17. Nd2 1/2-1/2

[Event "First Saturday 2009 februar IM"]
[Site "Budapest"]
[Date "2009.02.16"]
[Round "10"]
[White "Parkanyi, Attila"]
[Black "Toth, Lili"]
[Result "0-1"]
[WhiteElo "2334"]
[BlackElo "2190"]
[PlyCount "78"]
[EventDate "2009.02.07"]

1. e4 e6 2. d4 d5 3. e5 c5 4. c3 Nc6 5. Nf3 Bd7 6. Be2 cxd4 7. cxd4 f6 8. O-O
Nh6 9. Bxh6 gxh6 10. exf6 Qxf6 11. Ne5 Nxe5 12. dxe5 Qxe5 13. Bh5+ Kd8 14. Nc3
Bd6 15. g3 Rf8 16. Rc1 Rc8 17. Rc2 Rc6 18. Bg4 d4 19. Nb1 Rxc2 20. Qxc2 Bc6 21.
Qxh7 Qd5 22. f3 d3 23. Kg2 Qe5 24. Rf2 Qe3 25. Nc3 e5 26. Ne4 Qd4 27. Nxd6 Qxd6
28. Rd2 e4 29. fxe4 Qd4 30. Bf3 Qe3 31. Rf2 d2 32. Qg7 Rxf3 33. Qh8+ Kc7 34.
Qe5+ Kb6 35. Rxd2 Rxg3+ 36. Qxg3 Qxd2+ 37. Kh3 Bxe4 38. Qb3+ Kc7 39. Qg3+ Kc6
0-1

[Event "First Saturday 2009 februar IM"]
[Site "Budapest"]
[Date "2009.02.16"]
[Round "10"]
[White "Farago, Sandor"]
[Black "Simonyi, Zoltan"]
[Result "1-0"]
[WhiteElo "2263"]
[BlackElo "2227"]
[PlyCount "109"]
[EventDate "2009.02.07"]

1. e4 e5 2. Nf3 Nc6 3. Bb5 g6 4. c3 d6 5. d4 Bd7 6. Bg5 f6 7. Bh4 Bg7 8. Nbd2
Qe7 9. dxe5 dxe5 10. Qa4 Nh6 11. h3 Nf7 12. Nc4 a6 13. Ne3 O-O 14. Nd5 Qd8 15.
Bd3 Ne7 16. Nxe7+ Qxe7 17. Qc2 Be6 18. a4 Rfd8 19. O-O a5 20. Rfd1 Rd6 21. Nd2
Rad8 22. Be2 Qd7 23. Nf1 Qc6 24. Ne3 Rxd1+ 25. Bxd1 Nd6 26. Bf3 Qc5 27. Rd1 Nf7
28. Nd5 g5 29. Bg3 c6 30. Ne3 Rxd1+ 31. Bxd1 Nd6 32. Qd3 Bf8 33. h4 Be7 34.
hxg5 fxg5 35. Bg4 Kf7 36. Qd1 Bf6 37. Bxe6+ Kxe6 38. Qg4+ Kf7 39. Qd7+ Kg6 40.
Qe6 Kg7 41. Ng4 Nxe4 42. Nxf6 Nxf6 43. Bxe5 Qf8 44. g4 h6 45. Bd4 Qf7 46. Qe5
Kg6 47. Qf5+ Kg7 48. f3 Qe7 49. Be5 Kf7 50. Kf2 Qe6 51. Qxe6+ Kxe6 52. Bc7 h5
53. gxh5 Nxh5 54. c4 Nf6 55. Bxa5 1-0

[Event "First Saturday 2009 februar IM"]
[Site "Budapest"]
[Date "2009.02.16"]
[Round "10"]
[White "Lyell, Mark"]
[Black "Csirik, Andras"]
[Result "1-0"]
[WhiteElo "2287"]
[BlackElo "2271"]
[PlyCount "143"]
[EventDate "2009.02.07"]

1. e4 c5 2. Nc3 e6 3. f4 d5 4. Nf3 Nc6 5. Bb5 Nge7 6. exd5 Nxd5 7. O-O Be7 8.
Ne5 Qb6 9. Qf3 O-O 10. Nxc6 bxc6 11. Bc4 Bf6 12. Kh1 Nxc3 13. dxc3 Ba6 14. Bxa6
Qxa6 15. Be3 Qb5 16. Rab1 Rad8 17. Qe4 c4 18. Bxa7 Ra8 19. Qe3 Be7 20. Bd4 Rxa2
21. f5 Rxb2 22. Rxb2 Qxb2 23. fxe6 Qxc2 24. exf7+ Rxf7 25. Qe6 Qg6 26. Qxc4 c5
27. Bxc5 Bxc5 28. Rxf7 Qxf7 29. Qxc5 Qf1+ 30. Qg1 Qc4 31. Qe1 h6 32. h3 Kh7 33.
Qe5 Qb3 34. Qe4+ Kh8 35. c4 Qd1+ 36. Kh2 Qd6+ 37. Kg1 Qd1+ 38. Kf2 Qd2+ 39. Kg3
Qd6+ 40. Qf4 Qc5 41. Kh2 Kg8 42. Qe4 Qd6+ 43. Kg1 Qd1+ 44. Kf2 Qd2+ 45. Kf3
Qd1+ 46. Kf4 Qd6+ 47. Ke3 Qc5+ 48. Kd3 Kh8 49. Qd5 Qa3+ 50. Ke4 Qb4 51. Kf3
Qc3+ 52. Kf2 Qc2+ 53. Kg3 Qb3+ 54. Kf4 Qa4 55. Qd8+ Kh7 56. Qc7 Qb4 57. Kg3
Qe1+ 58. Kh2 Qc3 59. c5 Qc4 60. Qd6 h5 61. c6 g6 62. c7 Qc3 63. Qd7+ Kh6 64.
Qd6 h4 65. Qf8+ Kg5 66. Qd8+ Kh5 67. Qd1+ Kh6 68. Qd6 Kh5 69. Qf4 g5 70. Qf7+
Kh6 71. Qf8+ Kh5 72. c8=Q 1-0

[Event "First Saturday 2009 februar IM"]
[Site "Budapest"]
[Date "2009.02.16"]
[Round "10"]
[White "Cox, Tristan"]
[Black "Vybiral, Zdenek"]
[Result "0-1"]
[WhiteElo "2130"]
[BlackElo "2232"]
[PlyCount "150"]
[EventDate "2009.02.07"]

1. c4 g6 2. g3 Bg7 3. Bg2 e5 4. Nc3 Nc6 5. e4 d6 6. Nge2 h5 7. h4 Bg4 8. f3 Be6
9. d3 Qd7 10. Nd5 Nce7 11. d4 c6 12. Nxe7 Qxe7 13. d5 Bd7 14. a4 Nf6 15. Bg5 c5
16. a5 Bh6 17. Bxh6 Rxh6 18. b4 cxb4 19. Qd2 Rh8 20. Qxb4 Bc8 21. c5 dxc5 22.
Qb5+ Kf8 23. Rc1 Bd7 24. Qxc5 Qxc5 25. Rxc5 Ke7 26. Kd2 Rhc8 27. Rxc8 Rxc8 28.
Rb1 Rc7 29. Nc3 Ne8 30. f4 f6 31. Bf3 Nd6 32. Be2 Rc5 33. a6 b6 34. Ra1 Bc8 35.
Bd3 Bg4 36. Kc2 Ne8 37. Kb3 Bd7 38. Ra3 Nc7 39. Kb4 Kd6 40. Ra2 Be8 41. Be2 Ke7
42. Ra1 Bd7 43. Bd3 Be8 44. Rd1 Kd6 45. fxe5+ fxe5 46. Rf1 Ke7 47. Rf2 Ra5 48.
Ra2 Rc5 49. Bc4 Bd7 50. Rd2 Kd6 51. Rf2 Be8 52. Rf8 Ke7 53. Rh8 Kd6 54. Rh7 b5
55. Bf1 Nxa6+ 56. Kb3 Nc7 57. Bh3 a5 58. g4 a4+ 59. Kb2 hxg4 60. Bxg4 Rc4 61.
h5 Rb4+ 62. Kc2 gxh5 63. Bf5 Rd4 64. Rh6+ Kc5 65. Ne2 Rc4+ 66. Kd3 b4 67. d6
Nb5 68. d7 Bxd7 69. Bxd7 Nd4 70. Bxa4 b3 71. Rxh5 Kb4 72. Rxe5 b2 73. Bc2 Nxc2
74. Re8 Na3 75. Rb8+ Nb5 0-1

[Event "First Saturday 2009 februar IM"]
[Site "Budapest"]
[Date "2009.02.17"]
[Round "11"]
[White "Csirik, Andras"]
[Black "Cox, Tristan"]
[Result "1-0"]
[WhiteElo "2271"]
[BlackElo "2130"]
[PlyCount "117"]
[EventDate "2009.02.07"]

1. e4 c5 2. Nf3 Nc6 3. d4 cxd4 4. Nxd4 Nf6 5. Nc3 e5 6. Ndb5 d6 7. Bg5 a6 8.
Na3 b5 9. Bxf6 gxf6 10. Nd5 f5 11. g3 fxe4 12. Bg2 Be6 13. Bxe4 Rc8 14. O-O Bg7
15. Qh5 Ne7 16. Rad1 Rc5 17. Nxe7 Qxe7 18. b4 Rc3 19. Nb1 Rc4 20. Nd2 Rxb4 21.
Bc6+ Kf8 22. c3 Bg4 23. Qh4 Qxh4 24. gxh4 Ra4 25. f3 Bh3 26. Rf2 Bh6 27. Nf1
Rg8+ 28. Kh1 Ke7 29. Ng3 Rxh4 30. Bb7 Bf4 31. Ne4 Bxh2 32. Rxh2 Bg2+ 33. Kg1
Rxe4 34. Rxg2 Rxg2+ 35. Kxg2 Re2+ 36. Kg3 Rxa2 37. Rh1 Ke6 38. Rxh7 Ra3 39.
Rh6+ Ke7 40. Bd5 Rxc3 41. Rh7 Rc5 42. Rxf7+ Ke8 43. Be6 a5 44. Rb7 b4 45. Kg4
Kd8 46. Rd7+ Kc8 47. Rxd6+ Kc7 48. Rd7+ Kb6 49. Rd8 Kb5 50. Kf5 Ka4 51. Rd3 Kb5
52. Bd7+ Kc4 53. Ke4 Rc7 54. Be6+ Kb5 55. Kxe5 Rc5+ 56. Rd5 Rxd5+ 57. Bxd5 a4
58. f4 a3 59. Bb3 1-0

[Event "First Saturday 2009 februar IM"]
[Site "Budapest"]
[Date "2009.02.17"]
[Round "11"]
[White "Toth, Lili"]
[Black "Farago, Sandor"]
[Result "1/2-1/2"]
[WhiteElo "2190"]
[BlackElo "2263"]
[PlyCount "34"]
[EventDate "2009.02.07"]

1. Nf3 Nf6 2. c4 e6 3. Nc3 d5 4. cxd5 exd5 5. d4 Be7 6. Qc2 c6 7. Bg5 O-O 8. e3
Be6 9. Bd3 h6 10. Bf4 Nbd7 11. h3 Re8 12. O-O a5 13. Rfe1 b5 14. Ne2 Rc8 15.
Ne5 Nxe5 16. Bxe5 Bd6 17. Bxd6 Qxd6 1/2-1/2

[Event "First Saturday 2009 februar IM"]
[Site "Budapest"]
[Date "2009.02.17"]
[Round "11"]
[White "Bacso, Gabor"]
[Black "Parkanyi, Attila"]
[Result "1/2-1/2"]
[WhiteElo "2123"]
[BlackElo "2334"]
[PlyCount "31"]
[EventDate "2009.02.07"]

1. c4 f5 2. g3 Nf6 3. Bg2 g6 4. Nc3 Bg7 5. d3 O-O 6. e4 Nc6 7. Nge2 d6 8. O-O
e5 9. Nd5 Be6 10. Bg5 Qd7 11. Qd2 Rf7 12. Rae1 Raf8 13. b3 fxe4 14. dxe4 Ng4
15. f3 Nf6 16. Be3 1/2-1/2